000 00213nam a22000857a 4500
008 160908b xxu||||| |||| 00| 0 eng d
100 _9333
_aMishra N.K
245 _aBiology-X
260 _aNew Delhi
_bB.B publication
_c2011
999 _c2993
_d2993